<?xml version="1.0" encoding="UTF-8"?><?xml-stylesheet type="text/xsl" href="static/style.xsl"?><OAI-PMH xmlns="http://www.openarchives.org/OAI/2.0/" xmlns:xsi="http://www.w3.org/2001/XMLSchema-instance" xsi:schemaLocation="http://www.openarchives.org/OAI/2.0/ http://www.openarchives.org/OAI/2.0/OAI-PMH.xsd"><responseDate>2026-04-27T20:17:07Z</responseDate><request verb="GetRecord" identifier="oai:uvadoc.uva.es:10324/4743" metadataPrefix="marc">https://uvadoc.uva.es/oai/request</request><GetRecord><record><header><identifier>oai:uvadoc.uva.es:10324/4743</identifier><datestamp>2025-02-13T10:03:25Z</datestamp><setSpec>com_10324_38</setSpec><setSpec>col_10324_852</setSpec></header><metadata><record xmlns="http://www.loc.gov/MARC21/slim" xmlns:doc="http://www.lyncode.com/xoai" xmlns:xsi="http://www.w3.org/2001/XMLSchema-instance" xmlns:dcterms="http://purl.org/dc/terms/" xsi:schemaLocation="http://www.loc.gov/MARC21/slim http://www.loc.gov/standards/marcxml/schema/MARC21slim.xsd">
<leader>00925njm 22002777a 4500</leader>
<datafield tag="042" ind1=" " ind2=" ">
<subfield code="a">dc</subfield>
</datafield>
<datafield tag="720" ind1=" " ind2=" ">
<subfield code="a">Losmozos Hernández, Sofía</subfield>
<subfield code="e">author</subfield>
</datafield>
<datafield tag="260" ind1=" " ind2=" ">
<subfield code="c">2013</subfield>
</datafield>
<datafield tag="520" ind1=" " ind2=" ">
<subfield code="a">Mediante este TFG se pretende ampliar la visión sobre la importancia de actuar en la promoción de la salud en edad infantil desde la escuela, haciendo partícipe a toda la comunidad educativa. También se presenta una visión sobre distintas instituciones y fundaciones, tanto a nivel internacional, como nacional, autonómico o local, que favorecen esta promoción y que tienen cabida dentro de la escuela.&#xd;
&#xd;
Por otra parte, se han programado y desarrollado un conjunto de actividades de promoción de la salud que se han implementado en un aula de Educación Infantil durante el periodo de prácticas. El objetivo principal es hacer que los niños y niñas tomen conciencia sobre su salud, fomentar una dieta sana y equilibrada, propiciar hábitos de vida saludable, fomentar el ejercicio físico y la higiene personal, así como el cuidado del medio en el que vivimos como determinantes de la salud.</subfield>
</datafield>
<datafield tag="024" ind2=" " ind1="8">
<subfield code="a">http://uvadoc.uva.es/handle/10324/4743</subfield>
</datafield>
<datafield ind1=" " ind2=" " tag="653">
<subfield code="a">Educación sanitaria de niños</subfield>
</datafield>
<datafield tag="245" ind1="0" ind2="0">
<subfield code="a">Intervención educativa sobre algunos aspectos de la salud Infantil</subfield>
</datafield>
</record></metadata></record></GetRecord></OAI-PMH>